Sistema Web de gestión de valoración nutricional en personas de 18 a 80 años : manual técnico y Manual de Usuario
Presenta el desarrollo de un sitio Web de gestión de valoración nutricional, así como la valoración de los procesos, construcción del sistema Web y la verificación de la efectividad del mismo.
| Main Authors: | , |
|---|---|
| Other Authors: | |
| Format: | Tesis Section = Libro |
| Language: | Undetermined Spanish |
| Published: |
Managua
UNI
2018
|
| Subjects: |
| LEADER | 01034nam a2200253Ia 4500 | ||
|---|---|---|---|
| 008 | 240830s9999 xx 000 0 und d | ||
| 040 | |a BIBLIOTECA-RUSB/ Mon 005.1 M828ma | ||
| 041 | |a spa | ||
| 082 | |a Mon 005.1 M828ma | ||
| 100 | 1 | |a Morales Espinoza, Karina Alejandra | |
| 100 | 1 | |b Cruz Peralta, Edwin Antonio | |
| 245 | 1 | 0 | |a Sistema Web de gestión de valoración nutricional en personas de 18 a 80 años : manual técnico y Manual de Usuario |
| 260 | |a Managua |b UNI |c 2018 | ||
| 300 | |a 96 p. :il. | ||
| 502 | |a Tesis (Ingeniero en Computación) - UNI, 2018. | ||
| 520 | 3 | |a Presenta el desarrollo de un sitio Web de gestión de valoración nutricional, así como la valoración de los procesos, construcción del sistema Web y la verificación de la efectividad del mismo. | |
| 650 | 7 | |a SISTEMA WEB | |
| 650 | 7 | |b BASES DE DATOS | |
| 650 | 7 | |c ADMINISTRACION DE CONTROL DE USUARIOS | |
| 650 | 7 | |d DESARROLLO DE SOFTWARE | |
| 700 | 1 | |a Tutor: |b López Poveda, Anayanci | |
| 942 | |c BK |2 ddc | ||
| 991 | |a TESIS | ||
| 999 | |c 19693 | ||